| 000 | 00466nam a2200157Ia 4500 | ||
|---|---|---|---|
| 003 | SISC | ||
| 005 | 20181008122256.0 | ||
| 008 | 180205s9999 xx 000 0 und d | ||
| 020 | _a9789715847179 | ||
| 050 |
_aGE 105 _b.L51 2008 |
||
| 100 | _aLee, Serjio J. | ||
| 245 |
_cAƱes, Myrna L. _aLecture notes in environmental science : _bthe economy of nature and ecology of man / |
||
| 260 |
_bC&E publishing, Inc. _c2008 |
||
| 300 | _aix, 248 pages | ||
| 942 |
_2lcc _cBK |
||
| 999 |
_c354664 _d354664 |
||